| 000 | 00988nam a22002417a 4500 | ||
|---|---|---|---|
| 001 | 44146 | ||
| 003 | BD-RjUL | ||
| 005 | 20211209053815.0 | ||
| 008 | 160714s1983 bg ||||| |||| 00| 0 ben d | ||
| 020 | _c: TK 15.00 | ||
| 035 | _a(BD-RjUL)44264 | ||
| 040 |
_aBD-RjUL _bben _cBD-RjUL |
||
| 041 | _aben | ||
| 082 |
_223 _a338.13095492 _bMUB 1983 |
||
| 100 |
_aমুহাম্মদ, আনু _9120677 |
||
| 245 | 1 | 0 |
_aবাংলাদেশের দুর্ভিক্ষ একটি প্রামাণ্য চিত্র / _cআনু মুহাম্মদ, আতিউর রহমান |
| 260 |
_aঢাকা : _bপাপড়ি প্রকাশনী, _c১৯৮৩ |
||
| 300 |
_a[১০], ১২৮ পৃ. ; _c১৮ সেমি. |
||
| 650 |
_aআর্থিক দিক _zবাংলাদেশ _9135550 |
||
| 650 |
_aFinancial Aspects _zBangladesh _9135551 |
||
| 700 |
_aরহমান, আতিউর _9121907 |
||
| 942 |
_2ddc _cBK |
||
| 999 |
_c44146 _d44146 |
||